000 03772cam a2200841 a 4500
999 _c56748
001 8693280
003 LIBRIS
005 20210317123532.0
008 021001s2002 sw |||||||||||000 0|swe|
020 _a9189451554
_qINB.
_c181:00
035 _a(Bo)328428
035 _a(Mo)b1491837
040 _aNB
_ea
041 _aswe
082 0 4 _a616
_222 (machine generated)
083 0 _a362.12
_222 (machine generated)
084 _aVe
_2kssb/7
084 _aVph
_2kssb/7
084 _aVe
_2kssb/8
084 _aVph
_2kssb/8
100 1 _aFors, Mats,
_d1960-
_4aut
245 1 0 _aHos doktorn :
_bfölj med till vårdcentralen /
_cMats Fors, Erja Lempinen.
264 1 _aStockholm :
_bLL-förl.
_c2002
264 3 _aKristianstad :
_bKristianstads boktr.
300 _a71 s.
_bfärgill.
_c21 x 23 cm
490 1 _aLättläst.
_aFakta
500 _5Mo
_asvenska
650 4 _aVårdcentraler
655 4 _5Mo
_aBok
700 1 _aLempinen, Erja,
_d1956-
_4pht
830 0 _aLättläst
887 _a{"@id":"n5zwcz602qc94w7","modified":"2011-06-14T15:20:24+02:00","checksum":"161277496938"}
_2librisxl
887 _a{"@id":"mr0wnxks0qvslh3","modified":"2016-01-25T12:00:41+01:00","checksum":"171653931081"}
_2librisxl
887 _a{"@id":"hmtgwn9n02jggqp","modified":"2014-04-01T10:58:57+02:00","checksum":"163197870105"}
_2librisxl
887 _a{"@id":"v0659c6153v7vfd","modified":"2008-08-20T12:11:21+02:00","checksum":"186649114757"}
_2librisxl
887 _a{"@id":"chnc55rj4rdffmj","modified":"2016-03-07T09:47:29+01:00","checksum":"194780663239"}
_2librisxl
887 _a{"@id":"chnc509j22lrvst","modified":"2002-10-31T08:04:55+01:00","checksum":"158375465227"}
_2librisxl
887 _a{"@id":"djqq9w7k1k8c3dr","modified":"2009-03-03T12:25:27+01:00","checksum":"169713037695"}
_2librisxl
887 _a{"@id":"kpvk9tfq0qg7b26","modified":"2002-10-02T10:40:11+02:00","checksum":"183107030580"}
_2librisxl
887 _a{"@id":"jntj8sdp482hwcb","modified":"2002-10-02T10:39:55+02:00","checksum":"193896370634"}
_2librisxl
887 _a{"@id":"qv1qg0lw1ttqbwc","modified":"2002-10-02T10:40:22+02:00","checksum":"182767682775"}
_2librisxl
887 _a{"@id":"qv2dqp3w1q8pzsb","modified":"2011-12-06T14:59:50+01:00","checksum":"181777535689"}
_2librisxl
887 _a{"@id":"kpvkd6jq3pc41rs","modified":"2011-01-17T16:25:01+01:00","checksum":"190215592912"}
_2librisxl
887 _a{"@id":"w16xcqd23vztg4r","modified":"2003-05-15T16:00:11+02:00","checksum":"199296093792"}
_2librisxl
887 _a{"@id":"rw3bxvzx0zt6qpn","modified":"2011-03-29T15:37:52+02:00","checksum":"174825090764"}
_2librisxl
942 _2z
_cBOOK